| 000 | 00927cam a22002411 4500 | ||
|---|---|---|---|
| 001 | 6853895 | ||
| 003 | ARRUPE | ||
| 005 | 20160209111510.0 | ||
| 008 | 840306s1922 enkf 000 0 eng | ||
| 010 | _a 23005544 | ||
| 035 | _a(OCoLC)10492461 | ||
| 040 |
_aDLC _cCLS _dDLC |
||
| 042 | _apremarc | ||
| 050 | 0 | 0 |
_aSPC D576.G3 _bW5 |
| 100 | 1 |
_aWienholt, Arnold. _922098 |
|
| 245 | 1 | 4 |
_aThe story of a lion hunt; _bwith some of the hunter's military adventures during the war, _cby Arnold Wienholt ... with an introductory note by Lt.-Col. Humphrey Wienholt ... Six drawings by Walter Seed and photographs by the author. |
| 260 |
_aLondon, _aNew York, _bA. Melrose, ltd. _c[1922] |
||
| 300 |
_a252 p.; _bfront., plates. _c22 cm. |
||
| 650 | 0 |
_aWorld War, 1914-1918 _xCampaigns _zGerman East Africa. _99470 |
|
| 650 | 0 |
_aHunting _zAfrica. _95256 |
|
| 906 |
_a7 _bcbc _coclcrpl _du _encip _f19 _gy-gencatlg |
||
| 942 |
_2lcc _cMONOGRAPH |
||
| 999 |
_c124109 _d124109 |
||